LEADER 01369nam a2200325 a 4500 001 000000133158 003 CaOOAMICUS 005 20130313144307.0 008 130313s2001 it u000 u ita r 020 $a88-215-4291-2 040 $aPUL$bita 082 04$a194 100 1 $aDescartes, René,$d1596-1650.$0(OLS)http://pul/name/6016 245 10$aCartesio :$binvito alla lettura /$cdi Leonardo Messinese. 260 $aCinisello Balsamo :$bSan Paolo,$c©2001. 300 $a92 p. ;$c18 cm. 490 1 $aScrittori di Dio. Moderni ;$v55 504 $aInclude riferimenti bibliografici e indice. 600 14$aDescartes, René,$d1596-1650$xCritica e interpretazione.$0(OLS)http://pul/subject/13248 700 1 $aMessinese, Leonardo,$d1955-$0(OLS)http://pul/name/35125 830 0$aScrittori di Dio.$pModerni ;$v55.$0(OLS)http://pul/title/168256 850 $aPUL 852 $aPUL$W1$xSL Filosofia 3$y81$m194 MESLE 1$j153096$qDDC 21$B152592$CPULBib$Z2$F152592 $H121843 $82 900 $aCartesio,$d1596-1650$96016 941 1 $a9 996 $6020$a88-215-4291-2$9(OLS)http://pul/number/152132 996 $6082$a194$9(OLS)http://pul/classification/382 996 $6245$aCartesio :$binvito alla lettura$9(OLS)http://pul/title/168255 996 $6260$aCinisello Balsamo :$bSan Paolo$9(OLS)http://pul/publisher/54577 LEADER 01478nam a2200325 a 4500 001 000000133443 003 CaOOAMICUS 005 20130409134250.0 008 130409s2010 it u000 u ita r 020 $a978-88-16-40980-4 040 $aPUL$bita 082 04$a172 245 00$aPensare la pace :$bil legame imprendibile /$ca cura di Francesca Bonicalzi ; testi di Matteo Amori ... [et al.]. 260 $aMilano :$bJaca Book,$c©2010. 300 $aVI, 336 p. ;$c23 cm. 490 1 $aDi fronte e attraverso. Filosofia ;$v980 504 $aInclude riferimenti bibliografici. 650 4$aPace.$0(OLS)http://pul/subject/4327 700 1 $aBonicalzi, Francesca.$0(OLS)http://pul/name/3099 700 1 $aAmori, Matteo.$0(OLS)http://pul/name/85973 830 0$aDi fronte e attraverso.$pFilosofia ;$v980.$0(OLS)http://pul/title/8614 850 $aPUL 852 $aPUL$W1$xSL Filosofia 3$y81$m172 BONFR 1$j153368$qDDC 21$B152928$CPULBib$Z2$F152928 $H122154 $81 852 $aPUL$W1$xSL Diritto e Scienze Sociali 3$y79$m327. 17 BONFR 1$j196671$qDDC 21$B201446$CPULBib$Z2$F201446 $H133603 $82 941 1 $a9 996 $6020$a978-88-16-40980-4$9(OLS)http://pul/number/152330 996 $6082$a172$9(OLS)http://pul/classification/659 996 $6245$aPensare la pace :$bil legame imprendibile$9(OLS)http://pul/title/168635 996 $6260$aMilano :$bJaca Book$9(OLS)http://pul/publisher/47900